[Event "12th New York International 2019"]
[Site "New York"]
[Date "2019.07.11"]
[Round "3.2"]
[White "Shen, Victor"]
[Black "Zhou, Liran"]
[Result "1/2-1/2"]
[WhiteElo "2418"]
[BlackElo "2314"]
[Annotator "TA"]
[PlyCount "128"]
[EventDate "2019.07.11"]
[EventType "swiss"]
[EventCountry "USA"]
[SourceTitle "playchess.com"]
[Source "ChessBase"]
[SourceQuality "1"]

{[%evp 23,128,31,67,64,72,74,77,53,54,10,21,17,50,54,43,0,58,27,31,27,20,26,35,-6,-4,-4,0,-25,-8,-7,0,0,0,0,0,-5,0,0,0,0,0,0,0,0,0,3,81,79,104,104,157,150,227,217,191,211,263,247,303,302,297,293,416,302,290,294,266,213,287,291,287,282,279,279,279,213,191,97,102,8,8,8,8,8,8,8,8,8,8,8,8,8,8,8,18,18,37,39,44,44,45,8,8,0,8,8,8]} 1. c4 Nf6 2. Nc3 g6 3. d4 Bg7 4. e4 d6 5. f3 O-O 6. Bg5 c5 7. d5 a6 8. a4 e6 9. Qd2 exd5 10. cxd5 Re8 11. Nge2 Nbd7 12. Ng3 Qc7 13. Be2 {A65: Modern Benoni: 6 e4} h5 (13... c4 14. O-O Rb8 15. Be3 h5 16. Rfc1 h4 17. Nh1 h3 18. g3 b5 19. axb5 axb5 20. Ra7 Qd8 {1-0 (52) Nakamura,H (2787)-Kasparov,G (2812) Saint Louis 2016}) 14. O-O Nh7 15. Be3 {White is better.} f5 16. Rad1 h4 17. Nh1 fxe4 18. Nxe4 Ndf6 {[#]} 19. Nc3 $146 ({Predecessor:} 19. Nhf2 Nxe4 20. Nxe4 {1-0 (42) Svetushkin,D (2571)-Vouldis,A (2539) Kallithea 2003}) 19... Bf5 (19... Qe7 $11 20. Bh6 Bxh6 21. Qxh6 {[%mdl 64] Double Attack} Qe3+ 22. Qxe3 Rxe3) 20. Nf2 Qe7 21. Bh6 $1 Bxh6 22. Qxh6 g5 23. Nfe4 Bxe4 24. Nxe4 Qg7 25. Qxg7+ Kxg7 26. Nc3 Nf8 27. f4 gxf4 28. Rxf4 {Threatens to win with Rdf1.} Ng6 29. Rf3 Re5 30. Bd3 Rae8 31. Rdf1 $36 {[%mdl 2048] White fights for an advantage.} Nxd5 32. Rf7+ Kh6 33. Rxb7 Nb4 34. Bb1 Re1 (34... R8e6 $11) 35. Rb6 $16 Rxf1+ 36. Kxf1 Re6 ({Black should try} 36... Kg7) 37. Ne4 Nf4 (37... Ne5 $16) 38. Rxd6 $18 Rxd6 39. Nxd6 {[%mdl 4096] Endgame KBN-KNN} Nfd3 40. Nc4 Kg5 41. Ke2 Nf4+ 42. Kf3 Nfd3 (42... Ne6 $142 43. Nd2 Nd4+ 44. Ke4 Kf6) 43. g3 hxg3 44. hxg3 ({Don't take} 44. Kxg3 $6 Nc1 $16) 44... Nc1 45. Nd6 Nb3 46. Ne4+ Kh6 47. Kf4 c4 48. Nc3 a5 49. Ke3 Kg5 50. Ne4+ (50. Bh7 $18) 50... Kg4 $16 51. Nd6 (51. Kf2 $16) 51... Nd5+ $11 52. Kf2 c3 53. Bf5+ Kg5 54. bxc3 Nxc3 55. Ne4+ (55. Bd7 {with more complications.} Nc5 56. Bc6 N3xa4 57. Nc4 Nc3 58. Nxa5 N3e4+ 59. Kf3) 55... Nxe4+ 56. Bxe4 {KB-KN} Nc5 57. Bc2 $1 Nd7 58. Bd1 Nc5 59. Ke3 Kf5 60. Kf3 Kg5 61. Bc2 Nd7 62. Ke3 Nc5 {The position is equal.} 63. Bd1 Kf5 64. Kd4 Nxa4 $1 {Accuracy: White = 62%, Black = 71%.} 1/2-1/2

[Event "12th New York International 2019"]
[Site "New York"]
[Date "2019.07.11"]
[Round "3.3"]
[White "Rozman, Levy"]
[Black "Tremblay, Rejean"]
[Result "0-1"]
[WhiteElo "2382"]
[BlackElo "2192"]
[Annotator "RC"]
[PlyCount "66"]
[EventDate "2019.07.11"]
[EventType "swiss"]
[EventCountry "USA"]
[SourceTitle "playchess.com"]
[Source "ChessBase"]
[SourceQuality "1"]
[TimeControl "5400+30"]

1. d4 {[%emt 0:00:51]} e6 {[%emt 0:00:25]} 2. c4 {[%emt 0:00:14]} Nf6 {[%emt 0:00:04]} 3. Nc3 {[%emt 0:00:08]} d5 {[%emt 0:00:14]} 4. Nf3 {[%emt 0:00:24]} c6 {[%emt 0:01:06]} 5. g3 {[%emt 0:02:50]} dxc4 {[%emt 0:00:33]} 6. Bg2 {[%emt 0:00:25]} b5 {[%emt 0:00:59]} 7. Ne5 {[%emt 0:03:06]} Qb6 {[%emt 0:01:19]} 8. O-O {[%emt 0:09:03]} Bb7 {[%emt 0:00:09]} 9. b3 {[%emt 0:04:12]} cxb3 {[%emt 0:00:14]} 10. Qxb3 {[%emt 0:10:07]} Be7 {[%emt 0:04:09]} 11. a4 {[%emt 0:00:00]} b4 {[%emt 0:05:11]} 12. Nc4 {[%emt 0:21:07]} Qd8 {[%emt 0:00:45]} 13. Rd1 {[%emt 0:08:42]} a5 {[%emt 0:01:36]} 14. Bg5 {[%emt 0:04:17]} O-O {[%emt 0:09:39]} 15. Bxf6 {[%emt 0:01:59]} gxf6 {[%emt 0:04:51]} 16. Ne4 {[%emt 0:01:41]} Na6 {[%emt 0:00:32]} 17. g4 {[%emt 0:11:04]} Kh8 {[%emt 0:06:41]} 18. Qh3 {[%emt 0:01:39]} Rg8 {[%emt 0:00:33]} 19. Ng3 {[%emt 0:03:41]} Bf8 {[%emt 0:05:00]} 20. e4 {[%emt 0:04:49]} Nc7 {[%emt 0:02:27]} 21. Qh5 {[%emt 0:01:07]} Qe8 {[%emt 0:16:59]} 22. e5 {[%emt 0:01:25]} Nd5 {[%emt 0:01:41]} 23. Be4 {[%emt 0:01:12]} Rg7 {[%emt 0:01:47]} 24. Bxd5 {[%emt 0:05:46]} cxd5 {[%emt 0:00:26]} 25. Ne3 {[%emt 0:01:27]} Qd8 {[%emt 0:03:35]} 26. Rac1 {[%emt 0:00:20]} fxe5 {[%emt 0:00:27]} 27. dxe5 {[%emt 0:00:07]} Rc8 {[%emt 0:00:57]} 28. g5 {[%emt 0:01:13]} Rxc1 {[%emt 0:04:25]} 29. Rxc1 {[%emt 0:00:03]} d4 {[%emt 0:00:35]} 30. Rd1 {[%emt 0:00:07]} Qb6 {[%emt 0:00:45]} 31. Ng4 {[%emt 0:01:35]} Qc6 {[%emt 0:01:07]} 32. Kf1 {[%emt 0:00:04]} Qg2+ {[%emt 0:06:59]} 33. Ke1 {[%emt 0:00:03]} b3 {[%emt 0:01:21]} 0-1

[Event "12th New York International 2019"]
[Site "New York"]
[Date "2019.07.11"]
[Round "3.4"]
[White "Rohde, Michael"]
[Black "Yen, William"]
[Result "1-0"]
[WhiteElo "2332"]
[BlackElo "1987"]
[Annotator "TA"]
[PlyCount "57"]
[EventDate "2019.07.11"]
[EventType "swiss"]
[EventCountry "USA"]
[SourceTitle "playchess.com"]
[Source "ChessBase"]
[SourceQuality "1"]

{[%evp 9,59,24,21,22,29,0,0,-16,16,13,40,-77,-75,-76,-40,-108,-99,-90,-93,-104,-110,-108,-89,-97,-73,-72,96,19,47,50,50,10,55,61,44,40,44,24,139,131,129,141,276,276,822,818,794,785,4878,4256,2926,2785]} 1. Nf3 d6 2. d4 Nf6 3. Nc3 c6 (3... Bf5 4. Nh4 Bd7 5. e4 e5 6. Nf3 exd4 7. Nxd4 g6 8. g3 Bg7 9. Bg2 O-O 10. O-O Nc6 11. Nde2 Re8 12. h3 {½-½ (65) Maghsoodloo,P (2679)-Adhiban,B (2689) chess.com INT 2019}) 4. Bg5 Qb6 5. Rb1 Nbd7 6. e4 {A46: 1 d4 Nf6 2 Nf3 e6: Torre, London and Colle Systems} e5 7. d5 Be7 $146 ({Predecessor:} 7... cxd5 8. Nxd5 Nxd5 9. Qxd5 Nc5 10. Be3 Be6 11. Bxc5 dxc5 12. Qxe5 O-O-O 13. Be2 {0-1 (44) Schenkeveld,D-Lui,K (2183) Hengelo 2003}) 8. Bc4 {The position is equal.} Qb4 9. Nd2 Nxd5 10. Nxd5 (10. a3 $1 $14 {stays ahead.} Qb6 11. exd5 (11. Nxd5 cxd5 12. Bxe7 dxc4 $17) 11... Bxg5 12. Nde4) 10... cxd5 $17 11. c3 Qc5 (11... Qb6 {looks sharper.} 12. Be3 d4 13. cxd4 exd4 14. Bf4 O-O) 12. b4 (12. Be3 $15 d4 13. cxd4 exd4 14. Bf4) 12... Qc7 13. Bxe7 dxc4 14. Bh4 O-O 15. a4 a6 16. Nf1 Qc6 17. f3 Nf6 $2 (17... f5 $17 {and life is bright.} 18. Ng3 Nf6) 18. Ne3 (18. Bxf6 $1 $16 {Be7 is the strong threat.} gxf6 19. Qd2) 18... Be6 19. Bxf6 $1 gxf6 20. O-O Qb6 21. Qe1 {[%mdl 1024] White has compensation.} f5 {[#] Hoping for ...f4.} 22. a5 Qa7 {White must now prevent ...f4.} 23. f4 f6 (23... exf4 $1 $11 {remains equal.} 24. Rxf4 fxe4) 24. Rd1 $16 Rad8 25. Kh1 fxe4 (25... b5 $16) 26. fxe5 $18 f5 $2 (26... Qb8) 27. Qg3+ {White is clearly winning.} Kh8 28. exd6 {Intending Qe5+ and mate.} Rd7 29. Nxf5 {Played: Qg3-e5} 1-0

[Event "12th New York International 2019"]
[Site "New York"]
[Date "2019.07.12"]
[Round "4.1"]
[White "Tremblay, Rejean"]
[Black "Rohde, Michael"]
[Result "0-1"]
[WhiteElo "2192"]
[BlackElo "2332"]
[Annotator "NA"]
[PlyCount "70"]
[EventDate "2019.07.11"]
[EventType "swiss"]
[EventCountry "USA"]
[SourceTitle "playchess.com"]
[Source "ChessBase"]
[SourceQuality "1"]
[TimeControl "5400+30"]

1. d4 {[%emt 0:03:14]} Nf6 {[%emt 0:00:00]} 2. c4 {[%emt 0:00:13]} e6 {[%emt 0:02:20]} 3. Nc3 {[%emt 0:00:10]} Bb4 {[%emt 0:00:13]} 4. Qc2 {[%emt 0:00:06]} c5 {[%emt 0:00:54]} 5. dxc5 {[%emt 0:00:07]} O-O {[%emt 0:00:14]} 6. Nf3 {[%emt 0:00:05]} Na6 {[%emt 0:02:10]} 7. g3 {[%emt 0:00:12]} Nxc5 {[%emt 0:00:16]} 8. Bg2 {[%emt 0:00:05]} b6 {[%emt 0:02:10]} 9. O-O {[%emt 0:00:08]} Bb7 {[%emt 0:10:50]} 10. Nb5 {[%emt 0:11:56]} Be4 {[%emt 0:00:00]} 11. Qd1 {[%emt 0:00:09]} Nb7 {[%emt 0:00:00]} 12. a3 {[%emt 0:05:35]} Be7 {[%emt 0:00:00]} 13. Nc3 {[%emt 0:00:09]} Bc6 {[%emt 0:00:00]} 14. Qc2 {[%emt 0:24:04]} Rc8 {[%emt 0:12:27]} 15. b3 {[%emt 0:00:00]} b5 {[%emt 0:02:50]} 16. cxb5 {[%emt 0:04:07]} Bxb5 {[%emt 0:00:50]} 17. Bb2 {[%emt 0:00:00]} d5 {[%emt 0:04:03]} 18. Qd1 {[%emt 0:00:00]} Ba6 {[%emt 0:01:08]} 19. Re1 {[%emt 0:14:32]} Nc5 {[%emt 0:13:16]} 20. b4 {[%emt 0:03:40]} Ncd7 {[%emt 0:07:53]} 21. Qa4 {[%emt 0:15:30]} Qb6 {[%emt 0:08:19]} 22. Rac1 {[%emt 0:13:04]} Bc4 {[%emt 0:08:03]} 23. Nd1 {[%emt 0:00:00]} Bb5 {[%emt 0:03:11]} 24. Qb3 {[%emt 0:00:00]} Rxc1 {[%emt 0:02:11]} 25. Bxc1 {[%emt 0:00:00]} Ne4 {[%emt 0:05:24]} 26. Bb2 {[%emt 0:00:00]} Bf6 {[%emt 0:12:55]} 27. Ne3 {[%emt 0:02:53]} Rc8 {[%emt 0:04:41]} 28. Bf1 {[%emt 0:02:41]} h5 {[%emt 0:00:00]} 29. Rc1 {[%emt 0:01:08]} Rxc1 {[%emt 0:00:00]} 30. Bxc1 {[%emt 0:00:00]} Nc3 {[%emt 0:00:00]} 31. Qc2 {[%emt 0:01:00]} d4 {[%emt 0:00:00]} 32. Ng2 {[%emt 0:00:32]} e5 {[%emt 0:00:00]} 33. e3 {[%emt 0:00:37]} Bxf1 {[%emt 0:00:00]} 34. Kxf1 {[%emt 0:00:01]} Qa6+ {[%emt 0:00:00]} 35. Kg1 {[%emt 0:00:49]} Qe2 {[%emt 0:00:00]} 0-1

[Event "12th New York International 2019"]
[Site "New York"]
[Date "2019.07.12"]
[Round "4.2"]
[White "Zhou, Liran"]
[Black "Paragua, Mark"]
[Result "1/2-1/2"]
[WhiteElo "2314"]
[BlackElo "2503"]
[Annotator "ChessBase"]
[PlyCount "125"]
[EventDate "2019.07.11"]
[EventType "swiss"]
[EventCountry "USA"]
[SourceTitle "playchess.com"]
[Source "ChessBase"]
[SourceQuality "1"]
[TimeControl "5400+30"]

1. e4 {[%emt 0:00:00]} c6 {[%emt 0:00:00]} 2. d4 {[%emt 0:00:13]} d5 {[%emt 0:00:00]} 3. Nd2 {[%emt 0:00:03]} dxe4 {[%emt 0:00:01]} 4. Nxe4 {[%emt 0:00:07]} Bf5 {[%emt 0:00:08]} 5. Ng3 {[%emt 0:00:05]} Bg6 {[%emt 0:00:06]} 6. Nf3 {[%emt 0:00:16]} e6 {[%emt 0:00:16]} 7. h4 {[%emt 0:00:14]} h6 {[%emt 0:00:07]} 8. h5 {[%emt 0:00:05]} Bh7 {[%emt 0:00:04]} 9. Bd3 {[%emt 0:00:05]} Bxd3 {[%emt 0:00:06]} 10. Qxd3 {[%emt 0:00:05]} Nf6 {[%emt 0:00:06]} 11. Bd2 {[%emt 0:02:42]} Be7 {[%emt 0:00:41]} 12. O-O-O {[%emt 0:01:29]} c5 {[%emt 0:00:18]} 13. Ne4 {[%emt 0:14:25]} Nc6 {[%emt 0:00:07]} 14. Bc3 {[%emt 0:16:59]} Qd5 {[%emt 0:00:21]} 15. Nxf6+ {[%emt 0:01:15]} gxf6 {[%emt 0:00:07]} 16. dxc5 {[%emt 0:05:36]} Qxd3 {[%emt 0:00:15]} 17. Rxd3 {[%emt 0:00:04]} Rg8 {[%emt 0:00:13]} 18. g3 {[%emt 0:06:16]} Bxc5 {[%emt 0:00:23]} 19. Rd2 {[%emt 0:04:54]} Ke7 {[%emt 0:04:23]} 20. Kd1 {[%emt 0:02:29]} Nb4 {[%emt 0:16:18]} 21. Bxb4 {[%emt 0:07:11]} Bxb4 {[%emt 0:04:41]} 22. c3 {[%emt 0:00:07]} Bd6 {[%emt 0:00:53]} 23. Ke2 {[%emt 0:00:13]} f5 {[%emt 0:00:47]} 24. Rhd1 {[%emt 0:04:57]} Rad8 {[%emt 0:03:56]} 25. Nd4 {[%emt 0:04:31]} Bc7 {[%emt 0:14:44]} 26. Rd3 {[%emt 0:08:33]} Rg5 {[%emt 0:02:48]} 27. Rh1 {[%emt 0:00:28]} f4 {[%emt 0:00:39]} 28. gxf4 {[%emt 0:01:23]} Bxf4 {[%emt 0:00:08]} 29. Nf3 {[%emt 0:02:06]} Rxd3 {[%emt 0:00:15]} 30. Kxd3 {[%emt 0:00:10]} Rg2 {[%emt 0:00:39]} 31. Ke2 {[%emt 0:02:17]} Kf6 {[%emt 0:04:04]} 32. Kf1 {[%emt 0:01:22]} Rg8 {[%emt 0:00:13]} 33. Ke2 {[%emt 0:00:18]} e5 {[%emt 0:00:07]} 34. Rd1 {[%emt 0:01:14]} Ke6 {[%emt 0:02:34]} 35. Kf1 {[%emt 0:03:01]} Rc8 {[%emt 0:01:22]} 36. Ke2 {[%emt 0:00:32]} a5 {[%emt 0:01:28]} 37. Rd3 {[%emt 0:02:42]} b5 {[%emt 0:01:09]} 38. Kf1 {[%emt 0:01:35]} a4 {[%emt 0:01:34]} 39. b3 {[%emt 0:04:51]} Bc1 {[%emt 0:04:18]} 40. c4 {[%emt 0:01:01]} bxc4 {[%emt 0:18:12]} 41. Rc3 {[%emt 0:00:05]} Ba3 {[%emt 0:00:04]} 42. bxc4 {[%emt 0:00:26]} Bc5 {[%emt 0:00:46]} 43. Rc2 {[%emt 0:00:53]} Rb8 {[%emt 0:01:34]} 44. Rd2 {[%emt 0:00:32]} Rb1+ {[%emt 0:01:35]} 45. Kg2 {[%emt 0:00:22]} Rc1 {[%emt 0:00:46]} 46. Nxe5 {[%emt 0:01:14]} f6 {[%emt 0:15:50]} 47. Nd3 {[%emt 0:01:26]} Rxc4 {[%emt 0:00:02]} 48. Nxc5+ {[%emt 0:00:10]} Rxc5 {[%emt 0:00:01]} 49. Rd4 {[%emt 0:00:11]} a3 {[%emt 0:00:13]} 50. Rd3 {[%emt 0:01:46]} Ra5 {[%emt 0:00:04]} 51. f4 {[%emt 0:00:15]} Rxh5 {[%emt 0:02:11]} 52. Rxa3 {[%emt 0:00:08]} Rc5 {[%emt 0:00:04]} 53. Kg3 {[%emt 0:00:37]} Kf5 {[%emt 0:00:12]} 54. Rb3 {[%emt 0:00:16]} Ra5 {[%emt 0:00:09]} 55. a3 {[%emt 0:00:19]} h5 {[%emt 0:00:04]} 56. Rc3 {[%emt 0:00:28]} Ke4 {[%emt 0:02:16]} 57. Rc4+ {[%emt 0:00:42]} Kd3 {[%emt 0:00:18]} 58. Rc6 {[%emt 0:00:07]} f5 {[%emt 0:00:07]} 59. Kh4 {[%emt 0:00:33]} Ke4 {[%emt 0:01:08]} 60. Rc4+ {[%emt 0:00:08]} Kd3 {[%emt 0:01:04]} 61. Rc6 {[%emt 0:00:30]} Ke3 {[%emt 0:01:12]} 62. Rc4 {[%emt 0:00:21]} Kd3 {[%emt 0:01:00]} 63. Rc6 {[%emt 0:00:02]} 1/2-1/2

[Event "12th New York International 2019"]
[Site "New York"]
[Date "2019.07.12"]
[Round "4.3"]
[White "Wang, Wesley"]
[Black "Shen, Victor"]
[Result "0-1"]
[WhiteElo "2328"]
[BlackElo "2418"]
[Annotator "NA"]
[PlyCount "88"]
[EventDate "2019.07.11"]
[EventType "swiss"]
[EventCountry "USA"]
[SourceTitle "playchess.com"]
[Source "ChessBase"]
[SourceQuality "1"]
[TimeControl "5400+30"]

1. e4 {[%emt 0:00:00]} e5 {[%emt 0:08:11]} 2. Nf3 {[%emt 0:00:00]} Nc6 {[%emt 0:00:11]} 3. Bb5 {[%emt 0:00:00]} a6 {[%emt 0:00:30]} 4. Ba4 {[%emt 0:00:00]} d6 {[%emt 0:00:05]} 5. Bxc6+ {[%emt 0:01:58]} bxc6 {[%emt 0:00:02]} 6. d4 {[%emt 0:00:07]} f6 {[%emt 0:01:13]} 7. Nc3 {[%emt 0:03:22]} g6 {[%emt 0:00:33]} 8. Be3 {[%emt 0:02:40]} Bg7 {[%emt 0:02:34]} 9. h4 {[%emt 0:01:29]} Rb8 {[%emt 0:03:55]} 10. h5 {[%emt 0:01:15]} Rxb2 {[%emt 0:09:20]} 11. h6 {[%emt 0:01:16]} Bf8 {[%emt 0:00:10]} 12. Qd3 {[%emt 0:20:11]} Rb8 {[%emt 0:54:52]} 13. Rd1 {[%emt 0:21:39]} Qd7 {[%emt 0:01:03]} 14. Qc4 {[%emt 0:01:43]} exd4 {[%emt 0:02:14]} 15. Nxd4 {[%emt 0:04:50]} c5 {[%emt 0:00:18]} 16. Nf3 {[%emt 0:05:55]} Ne7 {[%emt 0:05:00]} 17. O-O {[%emt 0:14:46]} Qe6 {[%emt 0:00:04]} 18. Qd3 {[%emt 0:00:26]} g5 {[%emt 0:01:13]} 19. Rfe1 {[%emt 0:09:01]} Bxh6 {[%emt 0:02:02]} 20. Nd5 {[%emt 0:00:03]} Rb7 {[%emt 0:01:56]} 21. Bxc5 {[%emt 0:04:00]} dxc5 {[%emt 0:01:27]} 22. Nxc7+ {[%emt 0:00:29]} Rxc7 {[%emt 0:00:01]} 23. Qd8+ {[%emt 0:00:02]} Kf7 {[%emt 0:00:01]} 24. Qxh8 {[%emt 0:01:18]} Kg6 {[%emt 0:02:26]} 25. e5 {[%emt 0:00:39]} Bg7 {[%emt 0:00:56]} 26. Qd8 {[%emt 0:01:12]} Rd7 {[%emt 0:00:21]} 27. Qe8+ {[%emt 0:00:18]} Kh6 {[%emt 0:00:28]} 28. exf6 {[%emt 0:02:18]} Rxd1 {[%emt 0:00:19]} 29. Rxd1 {[%emt 0:00:03]} Bxf6 {[%emt 0:01:05]} 30. Re1 {[%emt 0:00:22]} Qd6 {[%emt 0:01:27]} 31. Rxe7 {[%emt 0:01:05]} Bxe7 {[%emt 0:00:06]} 32. Qxc8 {[%emt 0:00:03]} Qd1+ {[%emt 0:01:00]} 33. Kh2 {[%emt 0:00:02]} Bd6+ {[%emt 0:00:01]} 34. g3 {[%emt 0:00:27]} Qxf3 {[%emt 0:00:22]} 35. Qe6+ {[%emt 0:00:03]} Kh5 {[%emt 0:00:37]} 36. Qe8+ {[%emt 0:00:23]} Kh6 {[%emt 0:00:34]} 37. Qe6+ {[%emt 0:00:03]} Kg7 {[%emt 0:00:10]} 38. Qxd6 {[%emt 0:00:10]} Qxf2+ {[%emt 0:00:03]} 39. Kh3 {[%emt 0:00:49]} Qf5+ {[%emt 0:00:40]} 40. g4 {[%emt 0:00:05]} Qf3+ {[%emt 0:00:07]} 41. Kh2 {[%emt 0:00:24]} Qf4+ {[%emt 0:00:23]} 42. Qxf4 {[%emt 0:00:04]} gxf4 {[%emt 0:00:02]} 43. Kg2 {[%emt 0:00:06]} Kf6 {[%emt 0:00:07]} 44. Kf3 {[%emt 0:00:03]} Kg5 {[%emt 0:00:52]} 0-1

[Event "12th New York International 2019"]
[Site "New York"]
[Date "2019.07.12"]
[Round "4.4"]
[White "Brodsky, David"]
[Black "Kim, Yoon-Young"]
[Result "1-0"]
[WhiteElo "2432"]
[BlackElo "2322"]
[Annotator "NA"]
[PlyCount "99"]
[EventDate "2019.07.11"]
[EventType "swiss"]
[EventCountry "USA"]
[SourceTitle "playchess.com"]
[Source "ChessBase"]
[SourceQuality "1"]
[TimeControl "5400+30"]

1. e4 {[%emt 0:00:00]} e5 {[%emt 0:00:00]} 2. Nf3 {[%emt 0:00:00]} Nc6 {[%emt 0:00:00]} 3. Bb5 {[%emt 0:00:00]} a6 {[%emt 0:00:00]} 4. Ba4 {[%emt 0:00:00]} Nf6 {[%emt 0:00:00]} 5. O-O {[%emt 0:00:00]} Be7 {[%emt 0:00:05]} 6. Re1 {[%emt 0:00:00]} b5 {[%emt 0:00:15]} 7. Bb3 {[%emt 0:00:05]} d6 {[%emt 0:00:12]} 8. c3 {[%emt 0:00:08]} O-O {[%emt 0:00:15]} 9. h3 {[%emt 0:00:05]} Nb8 {[%emt 0:00:06]} 10. d4 {[%emt 0:00:15]} Nbd7 {[%emt 0:00:09]} 11. Nbd2 {[%emt 0:00:15]} Bb7 {[%emt 0:00:07]} 12. Bc2 {[%emt 0:00:07]} Re8 {[%emt 0:00:05]} 13. Nf1 {[%emt 0:00:15]} Bf8 {[%emt 0:00:07]} 14. Ng3 {[%emt 0:00:04]} g6 {[%emt 0:00:07]} 15. a4 {[%emt 0:00:30]} Nb6 {[%emt 0:00:11]} 16. b3 {[%emt 0:01:57]} bxa4 {[%emt 0:00:34]} 17. bxa4 {[%emt 0:00:08]} a5 {[%emt 0:00:12]} 18. Bd3 {[%emt 0:04:03]} Qc8 {[%emt 0:02:28]} 19. Bg5 {[%emt 0:07:30]} Nfd7 {[%emt 0:09:37]} 20. Nh4 {[%emt 0:14:28]} h6 {[%emt 0:05:16]} 21. Bd2 {[%emt 0:03:58]} Qd8 {[%emt 0:04:13]} 22. Nf3 {[%emt 0:23:43]} Bg7 {[%emt 0:01:29]} 23. h4 {[%emt 0:03:05]} Kh7 {[%emt 0:04:35]} 24. h5 {[%emt 0:00:53]} Ba6 {[%emt 0:04:14]} 25. Bxa6 {[%emt 0:01:18]} Rxa6 {[%emt 0:00:02]} 26. Qb3 {[%emt 0:01:42]} Qe7 {[%emt 0:02:36]} 27. Be3 {[%emt 0:01:50]} c6 {[%emt 0:10:22]} 28. d5 {[%emt 0:16:02]} Rc8 {[%emt 0:02:46]} 29. Nd2 {[%emt 0:01:22]} Bf6 {[%emt 0:03:00]} 30. Nc4 {[%emt 0:02:55]} c5 {[%emt 0:13:15]} 31. Qb5 {[%emt 0:02:32]} Rca8 {[%emt 0:00:42]} 32. Rab1 {[%emt 0:00:25]} Nxc4 {[%emt 0:05:34]} 33. Qxc4 {[%emt 0:00:02]} Nb6 {[%emt 0:00:09]} 34. Qa2 {[%emt 0:00:37]} Bh4 {[%emt 0:05:44]} 35. hxg6+ {[%emt 0:00:53]} fxg6 {[%emt 0:00:06]} 36. Nf1 {[%emt 0:00:05]} Qd7 {[%emt 0:08:36]} 37. Rb5 {[%emt 0:00:11]} Bd8 {[%emt 0:00:34]} 38. Reb1 {[%emt 0:01:37]} Bc7 {[%emt 0:00:37]} 39. Nd2 {[%emt 0:00:26]} Rb8 {[%emt 0:01:01]} 40. Kf1 {[%emt 0:02:49]} Kg7 {[%emt 0:00:29]} 41. f3 {[%emt 0:00:53]} Raa8 {[%emt 0:02:14]} 42. Ke2 {[%emt 0:01:57]} Ra7 {[%emt 0:02:51]} 43. Kd3 {[%emt 0:00:57]} Qc8 {[%emt 0:01:27]} 44. Nc4 {[%emt 0:01:20]} Nd7 {[%emt 0:02:19]} 45. Rxb8 {[%emt 0:00:53]} Nxb8 {[%emt 0:00:27]} 46. g4 {[%emt 0:02:20]} Nd7 {[%emt 0:01:52]} 47. Qh2 {[%emt 0:01:36]} Kf7 {[%emt 0:06:01]} 48. Qxh6 {[%emt 0:00:36]} Nf8 {[%emt 0:00:11]} 49. Qh8 {[%emt 0:00:53]} Rb7 {[%emt 0:00:41]} 50. Rh1 {[%emt 0:00:26]} 1-0

[Event "12th New York International 2019"]
[Site "New York"]
[Date "2019.07.13"]
[Round "5.1"]
[White "Rohde, Michael"]
[Black "Shen, Victor"]
[Result "1-0"]
[WhiteElo "2332"]
[BlackElo "2418"]
[Annotator "ChessBase"]
[PlyCount "99"]
[EventDate "2019.07.11"]
[EventType "swiss"]
[EventCountry "USA"]
[SourceTitle "playchess.com"]
[Source "ChessBase"]
[SourceQuality "1"]
[TimeControl "5400+30"]

1. Nf3 {[%emt 0:00:00]} d5 {[%emt 0:02:12]} 2. c4 {[%emt 0:00:10]} d4 {[%emt 0:00:12]} 3. e3 {[%emt 0:00:09]} Nc6 {[%emt 0:00:06]} 4. b4 {[%emt 0:01:31]} dxe3 {[%emt 0:00:08]} 5. fxe3 {[%emt 0:00:12]} Nxb4 {[%emt 0:00:07]} 6. d4 {[%emt 0:04:51]} e5 {[%emt 0:00:13]} 7. a3 {[%emt 0:03:04]} Nc6 {[%emt 0:19:42]} 8. Bb2 {[%emt 0:06:07]} e4 {[%emt 0:03:23]} 9. Nfd2 {[%emt 0:00:45]} f5 {[%emt 0:13:36]} 10. Qb3 {[%emt 0:30:10]} Qg5 {[%emt 0:01:35]} 11. c5 {[%emt 0:14:11]} Nf6 {[%emt 0:05:19]} 12. Nc4 {[%emt 0:01:57]} Nd8 {[%emt 0:20:23]} 13. Nc3 {[%emt 0:05:02]} c6 {[%emt 0:01:11]} 14. Ne2 {[%emt 0:08:46]} Nd5 {[%emt 0:01:20]} 15. h4 {[%emt 0:03:10]} Qh6 {[%emt 0:01:10]} 16. g3 {[%emt 0:01:05]} Be6 {[%emt 0:13:41]} 17. Nf4 {[%emt 0:00:24]} Nxf4 {[%emt 0:01:44]} 18. gxf4 {[%emt 0:02:59]} Be7 {[%emt 0:06:58]} 19. O-O-O {[%emt 0:04:29]} O-O {[%emt 0:00:00]} 20. Qc2 {[%emt 0:00:45]} Rb8 {[%emt 0:00:00]} 21. h5 {[%emt 0:00:50]} Bd5 {[%emt 0:00:11]} 22. Ne5 {[%emt 0:00:45]} Qe6 {[%emt 0:00:55]} 23. Bc4 {[%emt 0:00:13]} Bf6 {[%emt 0:02:00]} 24. Bxd5 {[%emt 0:00:32]} cxd5 {[%emt 0:03:22]} 25. Kb1 {[%emt 0:04:27]} Bxe5 {[%emt 0:00:49]} 26. dxe5 {[%emt 0:00:33]} Nc6 {[%emt 0:02:18]} 27. Rh2 {[%emt 0:02:51]} b6 {[%emt 0:00:00]} 28. Qc3 {[%emt 0:02:53]} Rfc8 {[%emt 0:00:00]} 29. h6 {[%emt 0:00:36]} g6 {[%emt 0:00:00]} 30. cxb6 {[%emt 0:00:47]} Rxb6 {[%emt 0:00:00]} 31. Ka1 {[%emt 0:00:12]} Nb4 {[%emt 0:01:20]} 32. Qxb4 {[%emt 0:00:24]} Rxb4 {[%emt 0:00:02]} 33. axb4 {[%emt 0:00:53]} Qa6+ {[%emt 0:01:16]} 34. Kb1 {[%emt 0:00:31]} Qb6 {[%emt 0:01:01]} 35. Rd4 {[%emt 0:00:13]} Rc4 {[%emt 0:00:31]} 36. Rxd5 {[%emt 0:00:23]} Qxe3 {[%emt 0:00:28]} 37. Rhd2 {[%emt 0:00:51]} Rc8 {[%emt 0:00:30]} 38. e6 {[%emt 0:00:22]} Qg1+ {[%emt 0:00:42]} 39. Rd1 {[%emt 0:00:48]} Qb6 {[%emt 0:00:03]} 40. Rd6 {[%emt 0:00:11]} Qc7 {[%emt 0:00:22]} 41. Rc1 {[%emt 0:00:29]} Qxd6 {[%emt 0:01:07]} 42. Rxc8+ {[%emt 0:00:08]} Qf8 {[%emt 0:00:03]} 43. Rxf8+ {[%emt 0:00:17]} Kxf8 {[%emt 0:00:01]} 44. Bf6 {[%emt 0:00:14]} a6 {[%emt 0:01:21]} 45. Kc2 {[%emt 0:00:19]} Ke8 {[%emt 0:00:06]} 46. Kc3 {[%emt 0:00:20]} Kf8 {[%emt 0:00:13]} 47. Kc4 {[%emt 0:01:05]} Ke8 {[%emt 0:00:04]} 48. Bd4 {[%emt 0:00:23]} Ke7 {[%emt 0:00:20]} 49. Kd5 {[%emt 0:00:10]} Ke8 {[%emt 0:00:06]} 50. Ke5 {[%emt 0:00:44]} 1-0